ՀՀ Գիտությունների ազգային ակադեմիայի հիմնարար գիտական գրադարան  =   Fundamental Scientific Library of NAS RA

Вистара : (Record no. 205069)

MARC details
000 -LEADER
fixed length control field 00728nam a2200205 u 4500
001 - CONTROL NUMBER
control field 000612131
003 - CONTROL NUMBER IDENTIFIER
control field AM-YeHGA
005 - DATE AND TIME OF LATEST TRANSACTION
control field 20250617135652.0
008 - FIXED-LENGTH DATA ELEMENTS--GENERAL INFORMATION
fixed length control field 081113s ii r 000 0 rus d
040 ## - CATALOGING SOURCE
Original cataloging agency AM-YeHGA
041 0# - LANGUAGE CODE
Language code of text/sound track or separate title rus
090 ## - LOCALLY ASSIGNED LC-TYPE CALL NUMBER (OCLC); LOCAL CALL NUMBER (RLIN)
-- 206565
245 00 - TITLE STATEMENT
Title Вистара :
Remainder of title Архитектура Индии : Каталог выставки /
Statement of responsibility, etc. Под. ред. Кармена Кагала.
260 ## - PUBLICATION, DISTRIBUTION, ETC.
Place of publication, distribution, etc. Бомбей :
Name of publisher, distributor, etc. Тата пресс Лимитед,
Date of publication, distribution, etc. Б.г.
300 ## - PHYSICAL DESCRIPTION
Extent 240 с. :
Other physical details ил.
500 ## - GENERAL NOTE
General note Фестиваль Индии в СССР
650 14 - SUBJECT ADDED ENTRY--TOPICAL TERM
Topical term or geographic name entry element Архитектура
Geographic subdivision Индия
651 #4 - SUBJECT ADDED ENTRY--GEOGRAPHIC NAME
Geographic name Индия
General subdivision Архитектура
700 1# - ADDED ENTRY--PERSONAL NAME
Personal name Кагала, Кармена
Relator term ред.
Relationship edt
Holdings
Withdrawn status Lost status Damaged status Not for loan Collection Home library Current library Date acquired Total checkouts Full call number Barcode Date last seen Price effective from Koha item type Public note
        General Fundamental Scientific Library Fundamental Scientific Library 29/12/2016   PII/584355 FL0084189 29/12/2016 29/12/2016 Գրքեր / Books 30 Days Loan


ՀՀ ԳԱԱ հիմնարար գիտական գրադարան
ՀՀ,Երևան 0019
Մարշալ Բաղրամյան 24/6
հեռախոս:(374-10) 52-47-50
Հետադարձ կապ

All site content, except where otherwise noted, is licensed under a
Creative Commons License